Yellow Flags - Sudden Death - Statistics

General Stats
  • This quiz has been taken 1,666 times
  • The average score is 12 of 20
Answers on the Grid
Answers color-coded by a green-red scale on the quiz's grid according to % correct below.
Angola
Antigua and Barbuda
Argentina
Australia
Austria
Bahamas
Bangladesh
Belarus
Belgium
Bosnia and Herzegovina
Botswana
Cameroon
Chile
China
Denmark
Dominica
Ecuador
France
Gabon
Greece
Grenada
Honduras
Italy
Jamaica
Japan
Jordan
Kuwait
Kyrgyzstan
Laos
Latvia
Liberia
Lithuania
Madagascar
Malaysia
Micronesia
Monaco
Netherlands
North Macedonia
Norway
Panama
Poland
Samoa
Sierra Leone
Spain
Sri Lanka
Thailand
Ukraine
United Kingodm
 
Answer Stats
Answer % Correct
Belgium
78%
China
73%
Bosnia and Herzegovina
71%
Jamaica
71%
Ukraine
71%
Ecuador
68%
Spain
68%
Argentina
66%
Cameroon
65%
Bahamas
64%
Antigua and Barbuda
61%
North Macedonia
61%
Kyrgyzstan
59%
Lithuania
57%
Sri Lanka
56%
Angola
55%
Grenada
54%
Gabon
51%
Dominica
48%
Malaysia
44%
No matching quizzes found
Score Distribution
Percent of People with Each Score
Percentile by Number Answered
Your Score History
You have not taken this quiz